MARC details
| 000 -LEADER |
| campo de control de longitud fija |
02862cam a2200361La 4500 |
| 001 - NÚMERO DE CONTROL |
| campo de control |
41006 |
| 005 - FECHA Y HORA DE LA ÚLTIMA TRANSACCIÓN |
| campo de control |
20230411085955.0 |
| 008 - DATOS DE LONGITUD FIJA--INFORMACIÓN GENERAL |
| campo de control de longitud fija |
020116s1996 nyu b i100 0 eng d |
| 035 ## - NÚMERO DE CONTROL DEL SISTEMA |
| Número de control de sistema |
(OCoLC)ocm82728509 |
| 040 ## - FUENTE DE CATALOGACIÓN |
| Centro catalogador/agencia de origen |
NIC |
| Centro/agencia transcriptor |
CUY |
| 035 ## - NÚMERO DE CONTROL DEL SISTEMA |
| Número de control de sistema |
(OCoLC)82728509 |
| 043 ## - CÓDIGO DE ÁREA GEOGRÁFICA |
| Código de área geográfica |
d------ |
| 086 ## - NÚMERO DE CLASIFICACIÓN PARA DOCUMENTOS GUBERNAMENTALES |
| Número de clasificación |
UNCTAD/ECDC/PA/4/Rev.1 |
| Fuente del número |
undocs |
| 090 ## - LOCALMENTE ASIGNADO TIPO-LC NÚMERO DE CLASIFICACIÓN (OCLC); NÚMERO DE CLASIFICACIÓN LOCAL (RLIN) |
| Número de clasificación (OCLC) (R) ; Numero de clasificación, CALL (RLIN) (NR) |
|
| Número cutter local (OCLC) ; Número de libro/Signatura topográfica íntegra, CALL (RLIN) |
U58 1996 |
| 049 ## - FONDOS LOCALES (OCLC) |
| Biblioteca depositaria |
GRAL |
| 245 00 - MENCIÓN DEL TÍTULO |
| Título |
Globalization and liberalization : |
| Resto del título |
effects of international economic relations on poverty. |
| 246 30 - FORMA VARIANTE DEL TITULO |
| Título propio/Titulo breve |
Effects of international economic relations on poverty |
| 260 ## - PUBLICACIÓN, DISTRIBUCIÓN, ETC. |
| Lugar de publicación, distribución, etc. |
New York : |
| Nombre del editor, distribuidor, etc. |
United Nations, |
| Fecha de publicación, distribución, etc. |
1996. |
| 300 ## - DESCRIPCIÓN FÍSICA |
| Extensión |
x, 254 p. ; |
| Dimensiones |
21 cm. |
| 500 ## - NOTA GENERAL |
| Nota general |
At head of title: United Nations Conference on Trade and Development. |
| 500 ## - NOTA GENERAL |
| Nota general |
U.N. document symbol: UNCTAD/ECDC/PA/4/Rev.1. |
| 500 ## - NOTA GENERAL |
| Nota general |
"Inter-agency thematic contribution to the International Year for the Eradication of Poverty." |
| 504 ## - NOTA DE BIBLIOGRAFÍA, ETC. |
| Nota de bibliografía, etc. |
Includes bibliographical references. |
| 505 0# - NOTA DE CONTENIDO CON FORMATO |
| Información miscelánea |
pt. I. |
| Título |
Poverty-related elements of globalization and liberalization -- |
| -- |
Effects of globalization and liberalization on poverty: concepts and issues / |
| Mención de responsabilidad |
David Woodward -- |
| Título |
Globalization and liberalization: an opportunity to reduce poverty / |
| Mención de responsabilidad |
Ishrat Husain -- |
| Título |
Trade and the Uruguay Round: some misconceptions dispelled / |
| Mención de responsabilidad |
Zdenek Drabek -- |
| Título |
Global financial integration and related domestic liberalization policies / |
| Mención de responsabilidad |
Peter S. Heller -- |
| Título |
Implications of macroeconomic policies for equity and poverty / |
| Mención de responsabilidad |
Rolph van der Hoeven -- |
| Título |
Domestic liberalization policies and public finance: poverty implications / |
| Mención de responsabilidad |
Santosh Mehrotra -- |
| Título |
Safety nets and compensatory measures / |
| Mención de responsabilidad |
Carol Graham. |
| 505 0# - NOTA DE CONTENIDO CON FORMATO |
| Información miscelánea |
pt. II. |
| Título |
Regional and national experiences: lessons from diversity -- |
| -- |
Asia -- |
| -- |
Globalization and liberalization in East and South East Asia: implications for growth, inequality and poverty / |
| Mención de responsabilidad |
Rajah Rasiah -- |
| Título |
The importance of foreign direct investment for exports, economic growth and poverty reduction in China / |
| Mención de responsabilidad |
Padma Mallampally -- |
| Título |
What prospects does India have of benefitting from globalization? / |
| Mención de responsabilidad |
Sumit Roy -- |
| Título |
Latin America -- |
| -- |
Globalization and liberalization in Latin America: implications for growth, inequality and poverty / |
| Mención de responsabilidad |
Andrâe Urani -- |
| Título |
Mexico's financial crisis and its effects on income distribution and poverty / |
| Mención de responsabilidad |
Eugenia Correa -- |
| 505 0# - NOTA DE CONTENIDO CON FORMATO |
| Título |
Sub-Saharan Africa -- |
| -- |
Globalization and liberalization in sub-Saharan Africa: implications for growth and poverty / |
| Mención de responsabilidad |
Paul Mosley -- |
| Título |
Is the Asian NIEs approach relevant for sub-Saharan Africa? / |
| Mención de responsabilidad |
Fantu Cheru. |
| 650 #0 - PUNTO DE ACCESO ADICIONAL DE MATERIA--TÉRMINO DE MATERIA |
| Término de materia o nombre geográfico como elemento de entrada |
International economic assistance |
| Subdivisión de forma |
Congresses. |
| 650 #0 - PUNTO DE ACCESO ADICIONAL DE MATERIA--TÉRMINO DE MATERIA |
| Término de materia o nombre geográfico como elemento de entrada |
International economic relations |
| Subdivisión de forma |
Congresses. |
| 650 #0 - PUNTO DE ACCESO ADICIONAL DE MATERIA--TÉRMINO DE MATERIA |
| Término de materia o nombre geográfico como elemento de entrada |
Poverty |
| Subdivisión general |
Government policy |
| Subdivisión geográfica |
Developing countries |
| Subdivisión general |
Congresses. |
| 710 2# - ENTRADA AGREGADA--NOMBRE DE ENTIDAD CORPORATIVA |
| Nombre de entidad corporativa o nombre de jurisdicción como elemento de entrada |
United Nations Conference on Trade and Development. |
| 942 ## - ELEMENTOS DE ENTRADA SECUNDARIOS (KOHA) |
| Fuente del sistema de clasificación o colocación |
Clasificación de Library of Congress |
| Tipo de ítem Koha |
|
| 994 ## - |
| -- |
C0 |
| -- |
DRFGD |